Sistematizacion e innovacion educativa/ (Registro nro. 8542)

Detalles MARC
000 -LEADER
fixed length control field 00942nam a2200217Ia 4500
005 - FECHA Y HORA DE LA ÚLTIMA TRANSACCIÓN
control field 20230724142132.0
008 - FIXED-LENGTH DATA ELEMENTS--GENERAL INFORMATION
fixed length control field 230712s9999 xx 000 0 und d
020 ## - INTERNATIONAL STANDARD BOOK NUMBER
International Standard Book Number 8436218159
040 ## - CATALOGING SOURCE
Original cataloging agency UPAN
Transcribing agency Biblioteca San Vicente
Description conventions RCAA2
041 ## - LANGUAGE CODE
Language code of text/sound track or separate title spa
082 ## - DEWEY DECIMAL CLASSIFICATION NUMBER
Classification number 370
Item number L674s
año de publicación 1989
100 ## - MAIN ENTRY--PERSONAL NAME
Personal name López Herrerias, José Ángel
Relator code aut.
245 #0 - TITLE STATEMENT
Title Sistematizacion e innovacion educativa/
Remainder of title Josè Angel Lòpez Herrerìas
250 ## - EDITION STATEMENT
Edition statement 2° ed.
260 ## - PUBLICATION, DISTRIBUTION, ETC. (IMPRINT)
Place of publication, distribution, etc Madrid:
Name of publisher, distributor, etc España,
Date of publication, distribution, etc 1987
300 ## - PHYSICAL DESCRIPTION
Extent 638 p.;
Dimensions 24 cm.
505 ## - FORMATTED CONTENTS NOTE
Formatted contents note Esta sistematización pretende ofrecer una visión global de la educación y mas concretamente del sistema educativo y de la pedagogía. <br/>El estudiante de Ciencias de la Educación debe tener una visión global del todo educativo para que su ejercicio profesional no pierda coherencia y unidad<br/>
650 ## - SUBJECT ADDED ENTRY--TOPICAL TERM
Source of heading or term LEMB
Topical term or geographic name as entry element Sistema de enseñanza
General subdivision Educación
700 ## - ADDED ENTRY--PERSONAL NAME
Personal name Ricardo Marin Ibañez
Relator code col.
942 ## - ADDED ENTRY ELEMENTS (KOHA)
Koha item type Libros
Source of classification or shelving scheme Dewey Decimal Classification
Existencias
Withdrawn status Lost status Source of classification or shelving scheme Damaged status Not for loan Collection code Home library Current library Date acquired Total Checkouts Full call number Barcode Date last seen Copy number Price effective from Koha item type
    Dewey Decimal Classification     Colección General Biblioteca UPAN San Vicente Biblioteca UPAN San Vicente 12/07/2023   370 L674s 12001219 12/07/2023 01 12/07/2023 Libros